Les 5 pays les moins corrompus par continent - Statistiques

Statistiques générales
  • Ce quiz a été pris 127 fois
  • Le résultat moyen est 18 sur 30
Statistiques - réponses
Hint Réponse % Correct
81 Canada
90%
85 Finlande
88%
71 États-Unis
87%
85 Suède
87%
84 Norvège
86%
77 Australie
85%
73 Japon
82%
40 Argentine
81%
67 Chili
81%
87 Nouvelle-Zélande
81%
88 Danemark
79%
70 Uruguay
75%
85 Suisse
73%
43 Suriname
70%
37 Guyana
68%
55 Fidji
61%
85 Singapour
55%
66 Seychelles
47%
45 Vanuatu
47%
57 Cap Vert
46%
65 Bahamas
44%
53 Namibie
38%
68 Bhoutan
37%
43 Îles Salomon
37%
56 Rwanda
37%
63 Bruneï
35%
61 Botswana
31%
58 Saint Vincent les Grenadines
27%
70 Émirats arabes unis
17%
68 Barbade
12%
Aucun quiz correspondant
Distribution des résultats
% des personnes avec chaque résultat
Percentile par nombre de réponses
Votre historique - résultats
Vous n’avez pas pris ce quiz